书目信息 |
| 题名: |
小学科学常识自制教具
|
|
| 作者: | 林有禹 著 | |
| 分册: | ||
| 出版信息: | 上海 上海人民出版社 1976 |
|
| 页数: | 125页 | |
| 开本: | 19cm | |
| 丛书名: | ||
| 单 册: | ||
| 中图分类: | G484 | |
| 科图分类: | ||
| 主题词: | 小学-教具 , 教具-小学 | |
| 电子资源: | ||
| ISBN: | ||
| 000 | 00603nam0 2200229 45 | |
| 001 | 0176002680 | |
| 005 | 20060718160737.26 | |
| 010 | @d¥0.26 | |
| 100 | @a19950928d1976 em y0chiy0121 ea | |
| 101 | 0 | @achi |
| 102 | @aCN@b310000 | |
| 105 | @af z 000yy | |
| 200 | 10 | @a小学科学常识自制教具@Axiao xue ke xue chang shi zi zhi jiao ju@f林有禹著 |
| 210 | @a上海@c上海人民出版社@d1976 | |
| 215 | @a125页@c附图@d19cm | |
| 606 | @a小学-教具 | |
| 606 | @a教具-小学 | |
| 690 | @aG484@v3 | |
| 701 | 0 | @a林有禹@Alin you yu@4著 |
| 801 | 2 | @aCN@bNLC@c20060718 |
| 801 | 0 | @aCN@bTSSF |
| 905 | @a10447@dG484@e5 | |
| 小学科学常识自制教具/林有禹著.-上海:上海人民出版社,1976 |
| 125页:附图;19cm |
| ISBN :¥0.26 |
| ● |
| 相关链接 |
|
|
|
|
正题名:小学科学常识自制教具
索取号:G484/5
 
预约/预借
| 序号 | 登录号 | 条形码 | 馆藏地/架位号 | 状态 | 备注 |
| 1 | 0424264 | 204242649 | 密集书库/ [索取号:G484/5] | 在馆 |